|
|
|
|
| LEADER |
01089cam a2200265 7i4500 |
| 001 |
0000055235 |
| 005 |
20210920090000.0 |
| 020 |
|
|
|a 9781498700191 (electronic book)
|
| 090 |
0 |
0 |
|a RA393
|b .J67 2016
|
| 100 |
1 |
|
|a Joshi, Maulik
|
| 245 |
1 |
0 |
|a Leading health care transformation primer for clinical leaders
|c Maulik Joshi [and three others].
|
| 264 |
|
|
|a Boca Raton:
|b CRC Press, Taylor & Francis Group,
|c 2016.
|
| 300 |
|
|
|a 1 online resource (xiv, 218 pages):
|b text file, PDF.
|
| 336 |
|
|
|a text
|2 rdacontent
|
| 337 |
|
|
|a computer
|2 rdamedia
|
| 338 |
|
|
|a online resource
|2 rdacarrier
|
| 650 |
0 |
0 |
|a Health Facility Administration --
|x methods --
|z United States
|
| 650 |
0 |
0 |
|a Quality Improvement --
|x organization & administration --
|z United States
|
| 650 |
0 |
0 |
|a Health Care Reform --
|x organization & administration --
|z United States
|
| 655 |
0 |
0 |
|a Electronic books
|
| 700 |
1 |
|
|a Joshi, Maulik
|
| 856 |
4 |
2 |
|u http://library.unisel.edu.my/web/guest/mylibrary
|
| 997 |
|
|
|a Health Sciences, Faculty
|
| 998 |
|
|
|a Nursing, Diploma
|
| 999 |
|
|
|a EBO0001535
|b EBOOK
|c EBOOK
|e Electronic resources
|